Statistics for Countries of Iberia in History with a Map

Click here to take the quiz!

General Stats

  • This quiz has been taken 333 times
    (327 since last reset)
  • The average score is 17 of 30

Answers on the Map

Answers color-coded by a green-red scale on the quiz's map according to % correct below.
Loading ...
Present41810007501400100
 

Answer Stats

YearYearsCountry% Correct
14001139–1910Kingdom of {Portugal}
99%
Present1910–presentPortugal
99%
Present1978–presentSpain
99%
1000987–1498Kingdom of {France}
94%
14001498–1792Kingdom of {France}
94%
750481–843Francia
94%
Present1814–presentAndorra
94%
Present1958–presentFrance
94%
Present1967–presentGibraltar (UK)
89%
14001162–1716Crown of {Aragon}
81%
1400602–1453Duchy of {Gascony}
78%
418395–476{West} {Roman} Empire
76%
14001230–1492Emirate of {Granada}
64%
1400824–1841Kingdom of {Navarre}
60%
1000824–1841Kingdom of {Navarre}
60%
418409–585Kingdom of {Gallaecia}
55%
14001230–1715Crown of {Castile}
54%
1000931–1065County of {Castile}
54%
1000910–1230Kingdom of {León}
52%
750661–750{Umayyad} Caliphate
42%
1000929–1031Caliphate of {Cordoba}
38%
1000801–1162County of {Barcelona}
34%
750722–924{Asturian} Kingdom
33%
418418–721{Visigothic} Kingdom
29%
10027 BC–395Lusitania
23%
10027 BC–395Aquitania
13%
100120 BC–395Gallia {Narbonensis}
12%
10027 BC–395Hispania {Baetica}
12%
10027 BC–395Hispania {Tarraconensis}
11%
1000872–1598County of {Ribagorza}
5%

Score Distribution

Percentile by Number Answered

Percent of People with Each Score

Your Score History

You have not taken this quiz since the last reset